000 00857nam a2200241 i 4500
001 110907
003 ES-MaACL
005 20240426162944.0
007 t|
008 040429s1917 sp ||||1| spa d
080 _a821.133.1-22"18"
100 1 _aRostand, Edmond.
_999921
245 1 4 _aLos noveleros (les romanesques)
_b: comedia en tres actos /
_cde Edmond Rostand ; traducción en verso castellano por A. Palomero.
260 _a[Madrid :
_bLa Novela Teatral,
_c1917]
300 _a[32] p. ;
_c20 cm.
490 1 _aLa novela teatral ;
_v48
500 _aCaricatura del actor Espantaleón, por Tovar, en la cubierta.
700 0 _aTovar
_c, ilustrador.
_9157378
700 1 _aPalomero Dechado, Antonio,
_d1869-1914
_988694
830 0 _aLa novela teatral ;
_v48
_9122427
852 _aES-MaACL
_j2214-F-33
_bR.138702
999 _c110907
_d110907